| 000 | 00892cam a2200265 i 4500 | ||
|---|---|---|---|
| 001 | 25161 | ||
| 003 | Mx-PuUPA | ||
| 005 | 20250721101223.0 | ||
| 008 | 140415s2012 ag gr 000 0 spa d | ||
| 020 | _a9789505742943 | ||
| 040 |
_aMx-PuUPA _bspa _cMx-PuUPA _dMx-PuUPA _erda |
||
| 041 | 0 | _aspa | |
| 245 | 1 | 0 |
_aLa emergencia del miedo / _cEugenio Raúl Zaffaroni, Luigi Ferrajoli, Sergio Gabriel Torres, Ricardo Ángel Basilico |
| 264 | 1 |
_aCiudad Autónoma de Buenos Aires : _bEdiar, _c2012 |
|
| 300 |
_a243 páginas ; _c22 cm |
||
| 336 |
_2rdacontent _atexto _btxt |
||
| 337 |
_2rdamedia _asin medio _bn |
||
| 338 |
_2rdacarrier _avolumen _bnc |
||
| 700 | 1 |
_aFerrajoli, Luigi, _eautor |
|
| 700 | 1 |
_aTorres, Sergio Gabriel, _eautor |
|
| 700 | 1 |
_aBasilico, Ricardo Ángel, _eautor |
|
| 942 |
_2ddc _cLI _hxx _ixx |
||
| 999 |
_c25161 _d25161 |
||